000 00745nam a2200229Ia 4500
003 OSt
005 20220923230404.0
006 a|||||r|||| 00| 0
007 ta
008 Pun
024 _a280,146
037 _cTextual
040 _aARTS
_cARTS
_bPun
041 _2Pun
_aPun
082 _aO153,2N08:g, M1
100 _aਤੇਜਵੰਤ ਸਿੰਘ ਗਿੱਲ, ਥਦ.
245 0 _aਸੰਤ ਸਿੰਘ ਸੇਖੋਜ਼
_b ਚਿੰਤਨ ਤੇ ਕਲਾ
260 _aਲੁਧਿਆਣਾ
_b ਪੰਜਾਬੀ ਸਾਹਿੱਤ ਅਕਾਡਮੀ
_c1981
300 _a128ਪੰ
_ccm.
942 _hO153,2N08:g, M1
_cTEXL
_2CC
999 _c384476
_d384476